| 000 | 00813nam a2200253Ia 4500 | ||
|---|---|---|---|
| 003 | IN-BaIIA | ||
| 008 | 211028s9999 xx 000 0 eng d | ||
| 020 | _a0-7354-0055-5 | ||
| 040 | _cIIA Library | ||
| 080 |
_a520.85(082.2) _bAST |
||
| 245 | 0 |
_aAstrophysical polarized backgrounds _cedited by Stefano Cecchni…[et al.] |
|
| 260 |
_aNew York _bAmerican Institute of Physics _c2002 |
||
| 300 | _axi, 314p. | ||
| 490 | _aAIP conference proceedings; v. 609 | ||
| 650 |
_aDiffuse polarized _926493 |
||
| 650 |
_aEmission _917264 |
||
| 650 |
_aPolarimetry experiments _926494 |
||
| 650 |
_aPolarization surveys _926495 |
||
| 700 |
_aCecchni, Stefano, ed. _926496 |
||
| 700 |
_aCortiglioni, Stefano, ed. _926497 |
||
| 700 |
_aSault, Robert, ed. _926498 |
||
| 700 |
_aSbarra, Carla., ed. _926499 |
||
| 942 | _cBK | ||
| 999 |
_c14761 _d14761 |
||